Wayfinder kiosk - with indoor space mapping (Record no. 5713)

MARC details
000 -LEADER
fixed length control field 00503nam a22001817a 4500
003 - CONTROL NUMBER IDENTIFIER
control field OSt
005 - DATE AND TIME OF LATEST TRANSACTION
control field 20220107122829.0
008 - FIXED-LENGTH DATA ELEMENTS--GENERAL INFORMATION
fixed length control field 170707b xxu||||| |||| 00| 0 eng d
040 ## - CATALOGING SOURCE
Transcribing agency IIITMK
100 ## - MAIN ENTRY--PERSONAL NAME
Personal name Alok Kumar (91615000)
9 (RLIN) 12232
245 ## - TITLE STATEMENT
Title Wayfinder kiosk - with indoor space mapping
300 ## - PHYSICAL DESCRIPTION
Extent MSC IT-Main project
502 ## - DISSERTATION NOTE
Degree type MSC IT
Name of granting institution 2015-2017
Year degree granted INT
-- Md. Meraj Uddin
650 ## - SUBJECT ADDED ENTRY--TOPICAL TERM
Topical term or geographic name entry element NAVIGATION SYSTEM
9 (RLIN) 12233
650 ## - SUBJECT ADDED ENTRY--TOPICAL TERM
Topical term or geographic name entry element ALGORITHM
9 (RLIN) 12234
650 ## - SUBJECT ADDED ENTRY--TOPICAL TERM
Topical term or geographic name entry element TECHNOLOGY
9 (RLIN) 12235
942 ## - ADDED ENTRY ELEMENTS (KOHA)
Source of classification or shelving scheme Dewey Decimal Classification
Koha item type
Holdings
Withdrawn status Lost status Source of classification or shelving scheme Damaged status Not for loan Collection code Home library Current library Shelving location Date acquired Total Checkouts Barcode Date last seen Price effective from Koha item type
    Dewey Decimal Classification     Non Fiction IIITM-K Kerala University of Digital Sciences, Innovation and Technology Knowledge Centre   07/07/2017   R-1244 07/07/2017 07/07/2017 Project Reports